000 00602nam a22002177a 4500
003 OSt
005 20140310181808.0
008 130704t xxu||||| |||| 00| 0 eng d
020 _a0749815477
050 _aGA 130
_b.K52 1994
082 _aREF 912.02
_bK58 1994
245 _aMy First atlas with lift-the-flap surprises /
_bColin King
260 _aManchester :
_bWorld International Publishing Ltd,
_cc1994.
300 _a29 p. :
_bill. col. ;
_c31 cm.
511 _a1. Atlas--World
520 _a1. Atlas--World
521 _a
541 _j1
562 _e1
942 _2lcc
_cBK-GR
_kREF
999 _c3841
_d3841